Look back with care (Record no. 82112)

MARC details
000 -LEADER
fixed length control field 01323cad a22002175a 4500
001 - CONTROL NUMBER
control field L149287
008 - FIXED-LENGTH DATA ELEMENTS--GENERAL INFORMATION
fixed length control field 100217s2010 xxk f 000 0 eng d
035 ## - SYSTEM CONTROL NUMBER
System control number (Sirsi) u149287
041 0# - LANGUAGE CODE
Language code of text/sound track or separate title eng
100 1# - MAIN ENTRY--PERSONAL NAME
Personal name Cook, Ian
245 00 - TITLE STATEMENT
Title Look back with care
Remainder of title retrospective residential mortgage valuations
Medium [electronic resource]
260 ## - PUBLICATION, DISTRIBUTION, ETC.
Date of publication, distribution, etc. 2010
490 ## - SERIES STATEMENT
Series statement RICS Residential Property Journal
Volume/sequential designation Jan-Feb 2010, 14-15(2)
520 ## - SUMMARY, ETC.
Summary, etc. For repossession purposes, retrospective valuations are intended to be only "an initial opinion of the retrospective (value) as part of the repossession valuation instruction" (Council of Mortgage Lenders (CML): Valuation advice in repossession case, September 2009) [see E148428]. Yet, recently, a lack of understanding of the nature of these valuations has resulted in claims being instituted by negligence lawyers on behalf of lender clients. RICS issued in November 2009 a "valuation alert" and CML published advice to lenders on the same subject.
590 ## - LOCAL NOTE (RLIN)
Local note KA
651 #4 - SUBJECT ADDED ENTRY--GEOGRAPHIC NAME
Geographic name England and Wales
Chronological subdivision 1543-
690 ## - LOCAL SUBJECT ADDED ENTRY--TOPICAL TERM (OCLC, RLIN)
Topical term or geographic name as entry element PROPERTY-RESIDENTIAL PROPERTY-ACQUISITION AND DISPOSAL OF RESIDENTIAL PROPERTY-HOME BUYING REFORM
700 1# - ADDED ENTRY--PERSONAL NAME
Personal name Brindle, Ian
856 40 - ELECTRONIC LOCATION AND ACCESS
Uniform Resource Identifier <a href="https://www.rics.org/site/download_feed.aspx?fileID=5567">https://www.rics.org/site/download_feed.aspx?fileID=5567</a>
Public note View this item (member-only access) at www.rics.org
942 ## - ADDED ENTRY ELEMENTS (KOHA)
Suppress in OPAC 0
Holdings
Withdrawn status Lost status Source of classification or shelving scheme Damaged status Not for loan Home library Current library Shelving location Date acquired Total Checkouts Full call number Barcode Date last seen Copy number Price effective from Koha item type
    Dewey Decimal Classification     Virtual Virtual Online 17/02/2010   ONLINE PUBLICATION 149287-2001 06/08/2019 1 06/08/2019 Journal article